| 000 | 00404nab a22001097u 4500 | ||
|---|---|---|---|
| 008 | 130520b1997 xxu||||| |||| 00| 0 eng d | ||
| 041 | _aeng | ||
| 100 | 1 |
_aMakkreel, Rudolf A. _950629 |
|
| 245 | 0 | 0 |
_aGadamer and the Problem of How to Relate Kant and Hegel to Hermeneutics _cRudolf A. Makkreel |
| 773 | 0 |
_tLaval Théologique et Philosophique _gV.53, nº1,1997,págs. 167-180 _x0023-9054 _wRev251 |
|
| 942 | _cAR | ||
| 999 |
_c304098 _d304098 |
||